Statistics for Premier League Teams 1996-97

Click here to take the quiz!

General Stats

  • This quiz has been taken 213 times
  • The average score is 17 of 20

Answer Stats

Position Team % Correct
CManchester United
100%
4Liverpool
99%
3Arsenal
98%
6Chelsea
97%
10Tottenham Hotspur
94%
2Newcastle United
94%
15Everton
93%
5Aston Villa
92%
RSunderland
89%
14West Ham United
88%
13Blackburn Rovers
86%
11Leeds United
86%
16Southampton
83%
RNottingham Forest
83%
7Sheffield Wednesday
80%
9Leicester City
73%
8Wimbledon
73%
RMiddlesbrough
73%
12Derby County
72%
17Coventry City
68%

Score Distribution

Percentile by Number Answered

Percent of People with Each Score

Your Score History

You have not taken this quiz